000 00805cam a2200265 i 4500
999 _c200442268
_d60480
003 TR-AnTOB
005 20221121100859.0
007 ta
008 820930s1957 fr 000 0 eng
040 _aDLC
_beng
_erda
_cCarP
_dDLC
_dTR-AnTOB
041 0 _aeng
050 0 4 _aT10.6
_b.O74 1957
090 _aT10.6
_b.O74 1957
110 2 _aEuropean Productivity Agency
_9127599
245 1 0 _aInternational guide to European sources of technical information.
264 1 _aParis :
_bEuropean Productivity Agency,
_c1957.
300 _a439 pages ;
_c24 cm
336 _2rdacontent
_atext
_btxt
337 _2rdamedia
_aunmediated
_bn
338 _2rdacarrier
_avolume
_bnc
650 0 _aTechnology
_xInformation services
_9130866
942 _2lcc
_cBK